| 000 | 00604nam a2200193 i 4500 | ||
|---|---|---|---|
| 001 | 19240 | ||
| 003 | ES-MaACL | ||
| 005 | 20230906152037.0 | ||
| 007 | t| | ||
| 008 | 020705s2000 sp ||||1| spa d | ||
| 020 | _a950-786-270-6 | ||
| 080 | _a821.411.16-7.09 | ||
| 100 | 1 |
_aStora-Sandor, Judith. _9108322 |
|
| 245 | 1 | 0 |
_aDe Job a Woody Allen _b: el humor judío en la literatura / _cJudith Stora-Sandor. |
| 260 |
_aBuenos Aires : _bBiblos : _bAlmagesto, _c[2000] |
||
| 300 |
_a340 p. ; _c23 cm. |
||
| 650 | 1 | 4 |
_aHumorismo hebreo- _xHistoria y crítica. _913514 |
| 852 |
_aES-MaACL _jL-25674 _bR.131236 |
||
| 999 |
_c19240 _d19240 |
||